| 000 | 01509nam a2200349 c 4500 | ||
|---|---|---|---|
| 003 | BLK | ||
| 005 | 20181011111441.0 | ||
| 008 | 180408b bul|||||r ||||||| ||bul|| | ||
| 010 | _aKNG00061538000 | ||
| 040 | _aBLK | ||
| 041 |
_aBUL _cBUL |
||
| 080 |
_aАвторитарни режими в ново време на основата на политически и националистически движения. Тоталитаризъм. Диктатура на определена политическа партия или група. Вж и 321.74 _b321.64 _x _z321.64 |
||
| 080 |
_aИстория на Италия _b945 _x _z945 |
||
| 080 |
_aИстория на Германия _b94(430) _x _z94(430) |
||
| 080 |
_aИстория на Франция _b944 _x _z944 |
||
| 100 | 1 |
_aСемков, Милен Христов _eпърви автор _9364802 |
|
| 139 |
_aСемков, Милен Христов _bС 32 |
||
| 245 | 1 | 0 |
_aФашизмът _cМилен Христов Семков. |
| 257 | _aBGR | ||
| 260 |
_аСофия _bУнив. изд. Св. Климент Охридски _c1989 _fВ. Търново : Д. Найденов |
||
| 300 |
_a400 с. _bс табл., 24 л. : ил. _c25 см |
||
| 380 | _a3 | ||
| 650 | 4 |
_aФашизъм _9175188 |
|
| 653 | _aфашизъм | ||
| 653 | _aЕвропа | ||
| 653 | _aистория | ||
| 852 | _aЦб 160117 | ||
| 856 | 4 |
_qpdf _u |
|
| 856 | 4 |
_qpdf _u |
|
| 942 |
_cKNG _n0 _01 |
||
| 944 |
_aCR _c13.06.2004 _kГеновева_Генчева |
||
| 944 |
_aED _c24.06.2010 _k |
||
| 999 |
_c57534 _d57534 |
||